000 00589nam a2200241Ia 4500
003 OSt
005 20221005122517.0
006 a|||||r|||| 00| 0
007 ta
008 221004b |||||||| |||| 00| 0 mal d
024 _a53195
037 _cTextual
040 _aCRL
_cCRL
_bmal
041 _2mal
_amal
082 _aO32:g, K3
100 _aNair Vasudevan
245 0 _aKadhikante panippura
260 _c1963
300 _a65p.
_ccm.
650 _aMALAYALAM LITERATURE
_938866
942 _hO32:g, K3
_cTEXL
_2cc
999 _c1044520
_d1044520